Accounting and human behaviour (Record no. 75588)
[ view plain ]
| 000 -LEADER | |
|---|---|
| fixed length control field | 01328nam a2200253 a 4500 |
| 008 - FIXED-LENGTH DATA ELEMENTS--GENERAL INFORMATION | |
| fixed length control field | 120416s1974 ||||||||||||||||| || u |
| 020 ## - INTERNATIONAL STANDARD BOOK NUMBER | |
| International Standard Book Number | 0900442417 |
| 050 ## - LIBRARY OF CONGRESS CALL NUMBER | |
| Classification number | HF 5635 Hop |
| 100 ## - MAIN ENTRY--PERSONAL NAME | |
| Personal name | Hopwood, Anthony G |
| 245 10 - TITLE STATEMENT | |
| Title | Accounting and human behaviour |
| 260 ## - PUBLICATION, DISTRIBUTION, ETC. | |
| Place of publication, distribution, etc. | London : |
| Name of publisher, distributor, etc. | Haymarket Publishing |
| Date of publication, distribution, etc. | 1974 |
| 300 ## - PHYSICAL DESCRIPTION | |
| Extent | xiv, 213p. : ill. |
| 350 ## - | |
| -- | 0.00 |
| 490 ## - | |
| -- | Accountancy age books |
| 490 ## - | |
| -- | Modern finance series |
| 500 ## - GENERAL NOTE | |
| General note | Bibliography |
| 650 #0 - SUBJECT ADDED ENTRY--TOPICAL TERM | |
| Topical term or geographic name entry element | ACCOUNTING--HANDBOOKS, MANUALS, ETC |
| 650 ## - SUBJECT ADDED ENTRY--TOPICAL TERM | |
| Topical term or geographic name entry element | BUDGET IN BUSINESS |
| 995 ## - | |
| -- | TEXTBOOKS (SB) |
| -- | 0.00 |
| -- | 01368 |
| -- | CBU-SCHOOL TEXTBOOK COLLECTIONS |
| -- | 1 |
| -- | 0.00 |
| -- | SCHOOL TEXTBOOK |
| -- | 4 |
| -- | AVAILABLE |
| -- | Sep 23, 2009 |
| -- | 01368 |
| -- | School Collections |
| 995 ## - | |
| -- | BINDERY (DAMAGED) |
| -- | 0.00 |
| -- | 005723 |
| -- | CBU-MAIN LIBRARY (Kitwe) |
| -- | 1 |
| -- | 8.40 |
| -- | HF 5635 Hop |
| -- | DAMAGED |
| -- | 005723 |
| -- | Main Library Open Access Collection |
| 995 ## - | |
| -- | TEXTBOOKS (SB) |
| -- | 0.00 |
| -- | 01366 |
| -- | CBU-SCHOOL TEXTBOOK COLLECTIONS |
| -- | 1 |
| -- | 0.00 |
| -- | SCHOOL TEXTBOOK |
| -- | 2 |
| -- | AVAILABLE |
| -- | Sep 23, 2009 |
| -- | 01366 |
| -- | School Collections |
| 995 ## - | |
| -- | TEXTBOOKS (SB) |
| -- | 0.00 |
| -- | 01367 |
| -- | CBU-SCHOOL TEXTBOOK COLLECTIONS |
| -- | 1 |
| -- | 0.00 |
| -- | SCHOOL TEXTBOOK |
| -- | 3 |
| -- | AVAILABLE |
| -- | Sep 23, 2009 |
| -- | 01367 |
| -- | School Collections |
| 995 ## - | |
| -- | TEXTBOOKS (SB) |
| -- | 0.00 |
| -- | 01369 |
| -- | CBU-SCHOOL TEXTBOOK COLLECTIONS |
| -- | 1 |
| -- | 0.00 |
| -- | SCHOOL TEXTBOOK |
| -- | 5 |
| -- | AVAILABLE |
| -- | Sep 23, 2009 |
| -- | 01369 |
| -- | School Collections |
| 999 ## - | |
| -- | 75588 |
| -- | 75588 |
| Withdrawn status | Lost status | Source of classification or shelving scheme | Damaged status | Not for loan | Permanent Location | Current Location | Shelving location | Date acquired | Total Checkouts | Full call number | Barcode | Date last seen | Copy number | Price effective from | Koha item type | Collection code |
|---|---|---|---|---|---|---|---|---|---|---|---|---|---|---|---|---|
| Damaged | CBU-MAIN LIBRARY, KITWE. | CBU-MAIN LIBRARY, KITWE. | 03/30/2023 | HF 5635 Hop | 005723 | 03/30/2023 | 2 | 03/30/2023 | MONOGRAPH | BINDERY (DAMAGED) | ||||||
| CBU-SCHOOL TEXT BOOK COLLECTION | CBU-SCHOOL TEXT BOOK COLLECTION | 03/30/2023 | SCHOOL TEXTBOOK | 01368 | 03/30/2023 | 1 | 03/30/2023 | MONOGRAPH | ||||||||
| CBU-SCHOOL TEXT BOOK COLLECTION | CBU-SCHOOL TEXT BOOK COLLECTION | 03/30/2023 | SCHOOL TEXTBOOK | 01366 | 03/30/2023 | 3 | 03/30/2023 | MONOGRAPH | ||||||||
| CBU-SCHOOL TEXT BOOK COLLECTION | CBU-SCHOOL TEXT BOOK COLLECTION | 03/30/2023 | SCHOOL TEXTBOOK | 01367 | 03/30/2023 | 4 | 03/30/2023 | MONOGRAPH | ||||||||
| CBU-SCHOOL TEXT BOOK COLLECTION | CBU-SCHOOL TEXT BOOK COLLECTION | 03/30/2023 | SCHOOL TEXTBOOK | 01369 | 03/30/2023 | 5 | 03/30/2023 | MONOGRAPH |